[Event "IX Festival A"]
[Site "Salsomaggiore Terme ITA"]
[Date "2005.05.21"]
[Round "3"]
[White "Gasperi, Fosco"]
[Black "Giannetta, Paolo"]
[Result "0-1"]
[WhiteElo "2168"]
[BlackElo "2045"]
[PlyCount "66"]
[EventDate "2005.05.20"]

1. d4 d6 2. c4 f5 3. Nf3 Nf6 4. g3 g6 5. Bg2 Bg7 6. O-O O-O 7. Nc3 c6 8. Qc2
Na6 9. h3 Qe8 10. b3 Bd7 11. a4 Nb4 12. Qd1 a5 13. Ba3 Ne4 14. Bxb4 axb4 15.
Nxe4 fxe4 16. Ne1 Qc8 17. Kh2 Ra5 18. g4 h5 19. f3 hxg4 20. hxg4 Bh6 21. Bh3
Bf4+ 22. Kg2 Rg5 23. e3 Bxe3 24. Ra2 exf3+ 25. Rxf3 Bxg4 26. Rxf8+ Kxf8 27.
Bxg4 Rxg4+ 28. Kh1 Rg1+ 29. Kh2 Kg7 30. Rg2 Qh8+ 31. Kg3 Qh1 32. Rxg1 Qxg1+ 33.
Kf3 Qf2+ 0-1

[Event "IX Festival A"]
[Site "Salsomaggiore Terme ITA"]
[Date "2005.05.21"]
[Round "3"]
[White "Gerundino, Nicola"]
[Black "Musto, Marco"]
[Result "1/2-1/2"]
[WhiteElo "1793"]
[BlackElo "1491"]
[PlyCount "84"]
[EventDate "2005.05.20"]

1. e4 c5 2. Nf3 d6 3. d4 cxd4 4. Qxd4 Nc6 5. Bb5 Bd7 6. Bxc6 Bxc6 7. Nc3 Nf6 8.
Bg5 e6 9. O-O-O Be7 10. Rhe1 O-O 11. Kb1 Qc7 12. Qd2 Rfd8 13. Nd4 Rac8 14. f3
Ne8 15. Bxe7 Qxe7 16. Qf2 a6 17. h4 Bd7 18. g4 b5 19. f4 Nc7 20. f5 b4 21. Nce2
e5 22. Nf3 Ba4 23. Nc1 Bc6 24. g5 Ne8 25. Nb3 Qc7 26. Rc1 a5 27. h5 a4 28. Nbd2
Rd7 29. Qe3 Qd8 30. c4 bxc3 31. Rxc3 d5 32. exd5 Rxd5 33. Rec1 Bb7 34. Rxc8
Bxc8 35. Qe4 Ba6 36. Nc4 Bxc4 37. Qxc4 Qd7 38. Qe4 f6 39. Ka1 Rd1 40. Qc4+ Qd5
41. Qxd5+ Rxd5 42. g6 h6 1/2-1/2

[Event "IX Festival A"]
[Site "Salsomaggiore Terme ITA"]
[Date "2005.05.21"]
[Round "3"]
[White "Giretti Kanev, Jasen"]
[Black "Santurbano, Maria Vincenza"]
[Result "1-0"]
[WhiteElo "2166"]
[BlackElo "2043"]
[PlyCount "61"]
[EventDate "2005.05.20"]

1. Nf3 c5 2. g3 Nf6 3. Bg2 Nc6 4. O-O e6 5. d3 Be7 6. e4 d6 7. Nbd2 O-O 8. c3
Qc7 9. Re1 Rb8 10. Nf1 b5 11. a3 Ba6 12. b4 Bb7 13. Bf4 Nd7 14. Rc1 Bf6 15. Ne3
Nce5 16. d4 Nxf3+ 17. Bxf3 e5 18. bxc5 exf4 19. cxd6 Qxd6 20. e5 Bxf3 21. Qxf3
Nxe5 22. dxe5 Bxe5 23. Nf5 Qxa3 24. Qe4 Bxc3 25. Qd3 Bb2 26. Qc2 Bxc1 27. Rxc1
fxg3 28. hxg3 b4 29. Ne7+ Kh8 30. Kg2 b3 31. Qxh7+ 1-0

[Event "IX Festival A"]
[Site "Salsomaggiore Terme ITA"]
[Date "2005.05.21"]
[Round "3"]
[White "Grillo, Francesco"]
[Black "Mussap, Angelo"]
[Result "1-0"]
[WhiteElo "1715"]
[BlackElo "2115"]
[PlyCount "77"]
[EventDate "2005.05.20"]

1. d4 d5 2. Nc3 a6 3. e4 e6 4. a3 Nc6 5. Nf3 Nf6 6. Bd3 dxe4 7. Nxe4 Nxd4 8.
Nxd4 Qxd4 9. Bb5+ axb5 10. Qxd4 Nd5 11. Bg5 Ra4 12. Qd3 h6 13. Bd2 c5 14. Qxb5+
Bd7 15. Qd3 Be7 16. O-O O-O 17. c4 Nb6 18. b3 Raa8 19. Bc3 Bc6 20. Qe3 Nd7 21.
a4 b6 22. Rad1 Rfe8 23. Rfe1 Nf8 24. Nd6 Red8 25. Nf5 Bg5 26. f4 exf5 27. fxg5
Ng6 28. gxh6 f4 29. Qh3 f3 30. gxf3 Rxd1 31. Rxd1 Nf4 32. Qg4 Ng6 33. Rd6 Be8
34. f4 gxh6 35. f5 Kh7 36. fxg6+ fxg6 37. Rxg6 Bxg6 38. Qd7+ Kg8 39. Qg7# 1-0

[Event "IX Festival A"]
[Site "Salsomaggiore Terme ITA"]
[Date "2005.05.21"]
[Round "3"]
[White "Magrini, Fabrizio"]
[Black "Tomba, Patrizia"]
[Result "1-0"]
[WhiteElo "1856"]
[BlackElo "1670"]
[PlyCount "29"]
[EventDate "2005.05.20"]

1. e4 e5 2. Nf3 Nc6 3. Bc4 Bc5 4. d4 exd4 5. O-O d6 6. c3 dxc3 7. Nxc3 Bg4 8.
Qb3 Na5 9. Bxf7+ Kf8 10. Qa4 c6 11. Bxg8 Kxg8 12. b4 Bxf3 13. gxf3 Bd4 14. bxa5
Bxc3 15. Qb3+ 1-0

[Event "IX Festival A"]
[Site "Salsomaggiore Terme ITA"]
[Date "2005.05.21"]
[Round "3"]
[White "Molina, Fabrizio"]
[Black "Salami, Marco"]
[Result "1/2-1/2"]
[WhiteElo "2257"]
[BlackElo "2206"]
[PlyCount "84"]
[EventDate "2005.05.20"]

1. c4 e5 2. g3 d6 3. Bg2 f5 4. Nc3 Nf6 5. d3 Be7 6. e3 O-O 7. Nge2 Na6 8. O-O
c6 9. f4 Qe8 10. b3 Qh5 11. Qd2 Bd7 12. d4 e4 13. d5 c5 14. a3 Rab8 15. Nb5
Bxb5 16. cxb5 Nc7 17. Nc3 Qe8 18. a4 Bd8 19. Rd1 a5 20. Bh3 Qh5 21. Bf1 Ng4 22.
h3 Nf6 23. Qg2 Qg6 24. Bb2 Na8 25. Be2 h5 26. Kf2 Nb6 27. Rg1 Rc8 28. Qf1 Qf7
29. Bc4 Re8 30. Qe2 Nfd7 31. Rg2 Nf6 32. Rag1 Kf8 33. Kf1 Ke7 34. g4 hxg4 35.
hxg4 fxg4 36. Nxe4 Nxe4 37. Rxg4 Rg8 38. Rg6 Kd7 39. Bd3 Nf6 40. Bf5+ Kc7 41.
Be6 Qf8 42. Bxg8 Nxg8 1/2-1/2

[Event "IX Festival A"]
[Site "Salsomaggiore Terme ITA"]
[Date "2005.05.21"]
[Round "3"]
[White "Mrdja, Milan"]
[Black "Luciani, Valerio"]
[Result "0-1"]
[WhiteElo "2373"]
[BlackElo "2241"]
[PlyCount "83"]
[EventDate "2005.05.20"]

1. d4 f5 2. Nc3 d5 3. f3 Nf6 4. Bg5 c6 5. Qd2 Nbd7 6. e4 fxe4 7. fxe4 dxe4 8.
O-O-O Nb6 9. Qe1 Bf5 10. Nge2 Qd7 11. Ng3 O-O-O 12. Kb1 h6 13. Bf4 Qe6 14. Nxf5
Qxf5 15. g3 g5 16. Be5 Nbd7 17. g4 Qe6 18. Bg3 Bg7 19. d5 Nxd5 20. Nxe4 Be5 21.
Bd3 Rhf8 22. Nd2 Qf6 23. Rf1 Bf4 24. Bf5 e5 25. Ne4 Qe7 26. Bf2 b6 27. Qe2 Kb8
28. c4 Nc7 29. Rd6 Nf6 30. Rxc6 Nxe4 31. Qxe4 Rf6 32. c5 b5 33. a4 a6 34. axb5
axb5 35. Rb6+ Rxb6 36. cxb6 Nd5 37. Qc2 Qb4 38. Re1 Bd2 39. Bc5 Qc4 40. Qxc4
bxc4 41. Rxe5 Bf4 42. Re6 0-1

[Event "IX Festival A"]
[Site "Salsomaggiore Terme ITA"]
[Date "2005.05.21"]
[Round "3"]
[White "Muha, Zdravko"]
[Black "Bonugli, Carlo"]
[Result "1-0"]
[WhiteElo "2127"]
[BlackElo "2030"]
[PlyCount "35"]
[EventDate "2005.05.20"]

1. d4 c5 2. d5 e6 3. e4 exd5 4. exd5 d6 5. c4 Nf6 6. Bd3 Be7 7. h3 O-O 8. Nc3
Re8 9. Nf3 Bf8+ 10. Be3 Na6 11. O-O Nc7 12. a4 g6 13. Bg5 h6 14. Bh4 Bg7 15.
Qd2 Na6 16. Rac1 Nb4 17. Bb1 Kh7 18. Qf4 1-0

[Event "IX Festival A"]
[Site "Salsomaggiore Terme ITA"]
[Date "2005.05.21"]
[Round "3"]
[White "Nelli, Luca"]
[Black "Carzolio, Luigi"]
[Result "1-0"]
[WhiteElo "2215"]
[BlackElo "2048"]
[PlyCount "71"]
[EventDate "2005.05.20"]

1. c4 b6 2. Nc3 Bb7 3. e4 e6 4. g3 f5 5. d3 Bb4 6. Bg2 Bxc3+ 7. bxc3 Nf6 8. f3
fxe4 9. fxe4 O-O 10. Nh3 e5 11. O-O d6 12. Nf2 Nbd7 13. Be3 c5 14. g4 Qe8 15.
Bf3 h6 16. Nh1 Kh7 17. Ng3 g6 18. Qd2 Ng8 19. Rf2 Qe7 20. Raf1 Rf7 21. Kg2 Raf8
22. Bd1 Rxf2+ 23. Rxf2 Rxf2+ 24. Qxf2 Qf8 25. h4 Qxf2+ 26. Kxf2 Ne7 27. Ba4 Nf6
28. Kf3 Bc8 29. g5 Ng4 30. Bg1 h5 31. Nf1 Kg7 32. Nh2 Kf7 33. Nxg4 Bxg4+ 34.
Ke3 Be6 35. Bh2 Bc8 36. d4 1-0

[Event "IX Festival A"]
[Site "Salsomaggiore Terme ITA"]
[Date "2005.05.21"]
[Round "3"]
[White "Pipitone, Antonio"]
[Black "Barletta, Mauro"]
[Result "0-1"]
[WhiteElo "2051"]
[BlackElo "2252"]
[PlyCount "110"]
[EventDate "2005.05.20"]

1. e4 e5 2. Nf3 d6 3. d4 exd4 4. Nxd4 Nf6 5. Nc3 g6 6. Be2 Bg7 7. Be3 O-O 8.
O-O Re8 9. Bf3 Nbd7 10. Re1 Ne5 11. Bg5 h6 12. Bxf6 Bxf6 13. Be2 Nc6 14. Nxc6
bxc6 15. Qd2 Rb8 16. Rab1 Qe7 17. Bc4 Be6 18. Bb3 Bg7 19. Rbd1 Qg5 20. Qd3 Rb4
21. Qa6 Bh3 22. g3 Qh5 23. Qd3 Bxc3 24. Qxc3 Rbxe4 25. Bc4 d5 26. Bf1 Bxf1 27.
Rxe4 Rxe4 28. Rxf1 Rc4 29. Qd2 Qg5 30. Qe2 Qf5 31. c3 Re4 32. Qa6 h5 33. Qxc6
h4 34. Qxc7 h3 35. f3 Re2 36. Qd8+ Kg7 37. Qh4 Rg2+ 38. Kh1 Qd3 39. Qd4+ Qxd4
40. cxd4 Rxb2 41. a4 Rb4 42. Rd1 Rxa4 43. Kg1 Ra2 44. f4 Kf6 45. Re1 Rg2+ 46.
Kh1 Rd2 47. Kg1 Kf5 48. Re8 Kg4 49. Re3 Rxd4 50. Ra3 Rd1+ 51. Kf2 Rd2+ 52. Kg1
d4 53. Rxa7 Kf3 54. Ra1 Rg2+ 55. Kh1 d3 0-1

[Event "IX Festival A"]
[Site "Salsomaggiore Terme ITA"]
[Date "2005.05.21"]
[Round "3"]
[White "Pircher, Karl"]
[Black "Bonade', Giacomo"]
[Result "1/2-1/2"]
[WhiteElo "2037"]
[BlackElo "1778"]
[PlyCount "56"]
[EventDate "2005.05.20"]

1. d4 f5 2. g3 Nf6 3. Bg2 e6 4. Nf3 Be7 5. c4 d6 6. O-O O-O 7. b3 Qe8 8. e3 Na6
9. Bb2 Rb8 10. Nc3 c6 11. a4 Nb4 12. Re1 Ne4 13. Nd2 d5 14. f3 Nf6 15. Nf1 a5
16. Qd2 b6 17. e4 dxc4 18. bxc4 Ba6 19. exf5 exf5 20. Ne3 Qd7 21. f4 Rbd8 22.
Rad1 Rfe8 23. Kh1 Ng4 24. Nxg4 fxg4 25. Bf1 Bf6 26. Ne4 Qf7 27. Qc1 Na2 28. Qc2
Nb4 1/2-1/2

[Event "IX Festival A"]
[Site "Salsomaggiore Terme ITA"]
[Date "2005.05.21"]
[Round "3"]
[White "Salvador, Roland"]
[Black "Capata, Ion"]
[Result "1-0"]
[WhiteElo "2360"]
[BlackElo "2096"]
[PlyCount "51"]
[EventDate "2005.05.20"]

1. d4 d5 2. Nf3 Nf6 3. c4 e6 4. Nc3 Be7 5. Qc2 O-O 6. g4 Nxg4 7. e4 dxe4 8.
Qxe4 f5 9. Qc2 Bh4 10. Nxh4 Qxh4 11. Bg2 Na6 12. a3 Rd8 13. h3 Nf6 14. Be3 f4
15. Bd2 g5 16. O-O-O Qxf2 17. Ne4 Nxe4 18. Bxe4 Qh4 19. Rhg1 Rxd4 20. Be1 Rxd1+
21. Qxd1 Qh6 22. Qd8+ Kf7 23. Rxg5 Qf8 24. Qd1 Qh6 25. Rh5 Qf6 26. Bc3 1-0

[Event "IX Festival A"]
[Site "Salsomaggiore Terme ITA"]
[Date "2005.05.21"]
[Round "3"]
[White "Scalcione, Michelangelo"]
[Black "Ranola, Yves"]
[Result "0-1"]
[WhiteElo "2242"]
[BlackElo "2467"]
[PlyCount "77"]
[EventDate "2005.05.20"]

1. Nf3 d5 2. d4 Nc6 3. Bf4 Bg4 4. e3 e6 5. h3 Bh5 6. c3 Bd6 7. Nbd2 Nge7 8. Bd3
h6 9. Qc2 g5 10. Bxd6 Qxd6 11. e4 Bxf3 12. Nxf3 dxe4 13. Bxe4 Nd5 14. O-O-O
O-O-O 15. Kb1 Qf4 16. g3 Qd6 17. Rhe1 Rhe8 18. Nd2 Nb6 19. Bg2 f5 20. Nb3 Kb8
21. Nc1 Na5 22. Nd3 Nac4 23. Qc1 Nd7 24. b3 Qb6 25. Ka1 Nd6 26. Qe3 Nb5 27. Nb2
Qa5 28. Rc1 Na3 29. b4 Qb6 30. c4 Qxb4 31. Qb3 Qxb3 32. axb3 b5 33. Ka2 b4 34.
Nd3 a5 35. Kb2 Nf6 36. Ne5 Kc8 37. Rcd1 Rd6 38. Nf7 Ra6 39. c5 0-1

[Event "IX Festival A"]
[Site "Salsomaggiore Terme ITA"]
[Date "2005.05.21"]
[Round "3"]
[White "Tencati, Giuseppe"]
[Black "Roberti, Ignazio"]
[Result "1/2-1/2"]
[WhiteElo "2093"]
[BlackElo "1954"]
[PlyCount "83"]
[EventDate "2005.05.20"]

1. d4 Nf6 2. c4 e6 3. Nf3 b6 4. Nc3 Bb4 5. Qc2 Bb7 6. Bg5 O-O 7. e3 d5 8. cxd5
Bxd5 9. Bd3 h6 10. Bh4 Bb7 11. O-O Nbd7 12. e4 Be7 13. Rad1 Re8 14. Rfe1 Qc8
15. Qe2 a5 16. Bb1 Nf8 17. Bg3 Nh5 18. Ne5 Nxg3 19. hxg3 Bf6 20. f4 c5 21. Qh5
Bxe5 22. dxe5 c4 23. Kh2 Qc5 24. Qe2 Red8 25. a4 Ba6 26. Rd2 Rd7 27. Rxd7 Nxd7
28. Qd2 Qc7 29. Qd6 Rc8 30. Rd1 Nc5 31. f5 exf5 32. exf5 Nd3 33. Bxd3 cxd3 34.
Nb5 Bxb5 35. axb5 Qc2 36. Rxd3 Qe2 37. Rc3 Rxc3 38. bxc3 Qxb5 39. e6 fxe6 40.
Qxe6+ Kh8 41. g4 Qc5 42. f6 1/2-1/2

[Event "IX Festival A"]
[Site "Salsomaggiore Terme ITA"]
[Date "2005.05.21"]
[Round "3"]
[White "Tomelleri, Alessio"]
[Black "Garvani, Vittorio"]
[Result "1/2-1/2"]
[WhiteElo "2047"]
[BlackElo "1864"]
[PlyCount "82"]
[EventDate "2005.05.20"]

1. e4 d5 2. exd5 Qxd5 3. Nc3 Qa5 4. d4 Nf6 5. Nf3 Bg4 6. h3 Bh5 7. Bc4 e6 8.
Bd2 c6 9. g4 Bg6 10. Nd5 Qd8 11. Nxf6+ Qxf6 12. Bg5 Bxc2 13. Qe2 Qg6 14. O-O h5
15. Ne5 Qe4 16. Rfe1 Qxe2 17. Rxe2 Bh7 18. Nxf7 Kxf7 19. Bxe6+ Kg6 20. h4 hxg4
21. Re5 Bd6 22. Re4 Bg8 23. Rae1 Bb4 24. R1e2 Bxe6 25. Rxe6+ Kf7 26. a3 Na6 27.
axb4 Rae8 28. Re7+ Rxe7 29. Rxe7+ Kg6 30. Rxb7 Rb8 31. Rxb8 Nxb8 32. Kg2 Kf5
33. f3 Na6 34. Be7 Nc7 35. Kg3 gxf3 36. Kxf3 Nd5 37. Bc5 a6 38. Bd6 g6 39. Bf8
Nb6 40. b3 Nd5 41. Bc5 Nc3 1/2-1/2

[Event "IX Festival A"]
[Site "Salsomaggiore Terme ITA"]
[Date "2005.05.21"]
[Round "4"]
[White "Aldrovandi, Costantino"]
[Black "Fieschi, Lorenzo"]
[Result "1-0"]
[WhiteElo "2246"]
[BlackElo "2000"]
[PlyCount "53"]
[EventDate "2005.05.20"]

1. Nf3 Nf6 2. g3 g6 3. Bg2 Bg7 4. O-O O-O 5. c4 d5 6. cxd5 Nxd5 7. Nc3 Nb6 8.
d3 Nc6 9. Bf4 e5 10. Bg5 f6 11. Bd2 Be6 12. Ne4 Qe7 13. Qc2 Nd7 14. Rfc1 Bd5
15. Be3 Bxe4 16. dxe4 Qf7 17. Bh3 Nb6 18. b4 Nxb4 19. Qxc7 Qxc7 20. Rxc7 Rfd8
21. a4 f5 22. a5 N6d5 23. exd5 Nxd5 24. Rxb7 e4 25. Bd4 Nf6 26. Ng5 Rxd4 27.
Rxg7+ 1-0

[Event "IX Festival A"]
[Site "Salsomaggiore Terme ITA"]
[Date "2005.05.21"]
[Round "4"]
[White "Astengo, Marcello"]
[Black "Garvani, Vittorio"]
[Result "0-1"]
[WhiteElo "2120"]
[BlackElo "1864"]
[PlyCount "54"]
[EventDate "2005.05.20"]

1. d4 f5 2. e4 fxe4 3. Nc3 Nf6 4. Bg5 Nc6 5. d5 Ne5 6. Qd4 Nf7 7. Be3 d6 8.
Nxe4 e5 9. Qb4 Be7 10. Nxf6+ Bxf6 11. Bd3 O-O 12. Nf3 a5 13. Qe4 g6 14. g4 Ng5
15. Bxg5 Bxg5 16. h4 Rf4 17. Qe3 Be7 18. g5 Qf8 19. Nd2 Bf5 20. Ne4 Bg4 21. Kd2
Rf3 22. Qe2 Qf4+ 23. Ke1 Rh3 24. Rxh3 Bxe2 25. Kxe2 Qg4+ 26. Rf3 Rf8 27. Nd2
Rxf3 0-1

[Event "IX Festival A"]
[Site "Salsomaggiore Terme ITA"]
[Date "2005.05.21"]
[Round "4"]
[White "Barletta, Mauro"]
[Black "Dvirnyy, Danyyil"]
[Result "1-0"]
[WhiteElo "2252"]
[BlackElo "2120"]
[PlyCount "77"]
[EventDate "2005.05.20"]

1. d4 Nf6 2. Nf3 g6 3. Nc3 Bg7 4. e4 d6 5. Be3 O-O 6. Qd2 Nc6 7. Bh6 Bxh6 8.
Qxh6 Ng4 9. Qd2 e5 10. O-O-O exd4 11. Nxd4 Nxd4 12. Qxd4 Qf6 13. Nd5 Qxd4 14.
Rxd4 Nxf2 15. Nxc7 Nxh1 16. Nxa8 Bd7 17. Nc7 Nf2 18. e5 Ng4 19. exd6 Ne3 20.
Bd3 Bc6 21. g3 Kg7 22. Kd2 Nf5 23. Bxf5 gxf5 24. c4 Kf6 25. c5 Ke5 26. Kc3 b6
27. b4 bxc5 28. bxc5 a5 29. a4 Rb8 30. Nb5 Rb7 31. Rd3 f6 32. Nd4 Kd5 33. Nxc6+
Kxc6 34. d7 Rxd7 35. Rxd7 Kxd7 36. Kd4 Kc6 37. Kc4 h6 38. h3 h5 39. h4 1-0

[Event "IX Festival A"]
[Site "Salsomaggiore Terme ITA"]
[Date "2005.05.21"]
[Round "4"]
[White "Bonade', Giacomo"]
[Black "Garofalo, Sergio"]
[Result "1/2-1/2"]
[WhiteElo "1778"]
[BlackElo "1903"]
[PlyCount "70"]
[EventDate "2005.05.20"]

1. e4 e5 2. f4 exf4 3. Nf3 Be7 4. Bc4 d5 5. Bxd5 Nf6 6. Nc3 Nxd5 7. Nxd5 Bh4+
8. Kf1 Bg4 9. h3 Bxf3 10. Qxf3 g5 11. e5 Nc6 12. Nf6+ Kf8 13. Qe4 Qd4 14. Qxd4
Nxd4 15. c3 Nf5 16. Rg1 Ng3+ 17. Kf2 Ne4+ 18. Kf3 Nxf6 19. exf6 Bg3 20. b3 h5
21. Ba3+ Kg8 22. Be7 Kh7 23. d4 Kg6 24. Ke4 g4 25. Raf1 Rae8 26. d5 Kg5 27. h4+
Kg6 28. Rh1 Rxe7+ 29. fxe7 f5+ 30. Kd3 Re8 31. Re1 Bxe1 32. Rxe1 Kf7 33. Re5
Kf6 34. Re6+ Kf7 35. Re5 Kf6 1/2-1/2

[Event "IX Festival A"]
[Site "Salsomaggiore Terme ITA"]
[Date "2005.05.21"]
[Round "4"]
[White "Bonugli, Carlo"]
[Black "Tomelleri, Alessio"]
[Result "1-0"]
[WhiteElo "2030"]
[BlackElo "2047"]
[PlyCount "49"]
[EventDate "2005.05.20"]

1. e4 e5 2. Nc3 Nf6 3. f4 d5 4. fxe5 Nxe4 5. d3 Nxc3 6. bxc3 Be6 7. Nf3 Be7 8.
d4 O-O 9. Bd3 b6 10. O-O c5 11. Qe1 c4 12. Be2 Nc6 13. Qg3 Kh8 14. Bg5 Qd7 15.
Rae1 Rae8 16. h3 Ba3 17. Nh4 Ne7 18. Bg4 Bxg4 19. hxg4 Nc6 20. Nf5 Nd8 21. Nxg7
Kxg7 22. Bf6+ Kg6 23. Qh4 h6 24. Qh5+ Kh7 25. g5 1-0

[Event "IX Festival A"]
[Site "Salsomaggiore Terme ITA"]
[Date "2005.05.21"]
[Round "4"]
[White "Brigati, Alessandro"]
[Black "Nelli, Luca"]
[Result "1/2-1/2"]
[WhiteElo "1957"]
[BlackElo "2215"]
[PlyCount "61"]
[EventDate "2005.05.20"]

1. Nf3 Nf6 2. d4 c5 3. d5 b5 4. e3 Bb7 5. c4 g6 6. Nc3 b4 7. Na4 d6 8. b3 Bg7
9. Bb2 O-O 10. Bd3 e6 11. dxe6 fxe6 12. O-O e5 13. Be2 Qe7 14. Nd2 e4 15. a3 a5
16. axb4 axb4 17. Nb6 Rxa1 18. Qxa1 Qc7 19. Na4 Qe7 20. Bd1 Nbd7 21. Bc2 Ra8
22. Qb1 Bc6 23. h3 g5 24. Re1 Qe6 25. Nf1 h5 26. Re2 Ra6 27. Qd1 Bb7 28. Ng3 g4
29. h4 Ne5 30. Qb1 Ned7 31. Qd1 1/2-1/2

[Event "IX Festival A"]
[Site "Salsomaggiore Terme ITA"]
[Date "2005.05.21"]
[Round "4"]
[White "Capata, Ion"]
[Black "Annoni, Riccardo"]
[Result "0-1"]
[WhiteElo "2096"]
[BlackElo "2071"]
[PlyCount "122"]
[EventDate "2005.05.20"]

1. e4 c5 2. c3 Nf6 3. e5 Nd5 4. d4 e6 5. Nf3 cxd4 6. cxd4 b6 7. a3 Bb7 8. Bd3
d6 9. O-O Nd7 10. Re1 dxe5 11. Nxe5 Nxe5 12. Rxe5 Bd6 13. Bb5+ Kf8 14. Re1 Qh4
15. g3 Qf6 16. Bf1 Rc8 17. Qd3 Qg6 18. Nd2 Qxd3 19. Bxd3 h6 20. Ne4 Be7 21. Bd2
g6 22. Nc3 Kg7 23. Be4 Rhd8 24. Rac1 Bf6 25. Ne2 Rxc1 26. Rxc1 Ba6 27. Bxd5
Bxe2 28. Bb3 Rxd4 29. Be3 Rd7 30. Ba4 b5 31. Bb3 Bf3 32. Rb1 Be4 33. Re1 Bf3
34. Bc1 a6 35. a4 h5 36. Bc2 Bd4 37. axb5 axb5 38. Be4 Bxe4 39. Rxe4 e5 40. Kg2
f5 41. Re2 Rc7 42. Be3 Kf6 43. h4 Rc4 44. Bd2 Ke6 45. Ba5 Ra4 46. Bc7 Ra2 47.
Bxe5 Bxe5 48. Rc2 Rxb2 49. Rc6+ Kd5 50. Rxg6 b4 51. Rg5 b3 52. Rxf5 Rc2 53. Rf3
Rc3 54. Rf7 b2 55. Rb7 Rc1 56. f4 Bd4 57. g4 b1=Q 58. Rxb1 Rxb1 59. gxh5 Rb3
60. h6 Ke4 61. h7 Kxf4 0-1

[Event "IX Festival A"]
[Site "Salsomaggiore Terme ITA"]
[Date "2005.05.21"]
[Round "4"]
[White "Cottarelli, Franco"]
[Black "Del Giudice, Stefano"]
[Result "1-0"]
[WhiteElo "1930"]
[BlackElo "2077"]
[PlyCount "63"]
[EventDate "2005.05.20"]

1. e4 c5 2. Nc3 Nc6 3. g3 g6 4. Bg2 Bg7 5. d3 d6 6. Be3 Nf6 7. h3 O-O 8. Nge2
e5 9. Qd2 Be6 10. g4 Nd4 11. Ng3 d5 12. g5 Ne8 13. exd5 Bd7 14. Nd1 f5 15. gxf6
Nxf6 16. c3 Qe7 17. d6 Qe8 18. O-O Ne6 19. Bxb7 Nf4 20. Bxf4 exf4 21. Qxf4 Bxh3
22. Qc4+ Kh8 23. Bxa8 Qxa8 24. Ne3 Ng4 25. Qe4 Qc8 26. Nxg4 Bxg4 27. Rfe1 Bf3
28. Qe6 Qd8 29. Qe7 Qc8 30. d7 Qd8 31. Qxd8 Rxd8 32. Re8+ 1-0

[Event "IX Festival A"]
[Site "Salsomaggiore Terme ITA"]
[Date "2005.05.21"]
[Round "4"]
[White "De Santis, Alessio"]
[Black "Capurro, Giuliano"]
[Result "1-0"]
[WhiteElo "2248"]
[BlackElo "2088"]
[PlyCount "133"]
[EventDate "2005.05.20"]

1. d4 d5 2. c4 e6 3. Nc3 Nf6 4. cxd5 exd5 5. Bg5 Be7 6. e3 O-O 7. Bd3 c6 8. Qc2
h6 9. Bh4 Be6 10. Nge2 Nh5 11. Bg3 Nd7 12. f3 Bh4 13. O-O-O b5 14. Kb1 Be7 15.
Bf2 Nb6 16. g4 Nf6 17. Nf4 Nc4 18. h4 b4 19. Nce2 Bxg4 20. fxg4 Nxg4 21. Bxc4
Nxf2 22. Bb3 Nxh1 23. Rxh1 Qd6 24. Ng3 g6 25. h5 g5 26. Nf5 Qf6 27. Nh3 Rfe8
28. Nf2 Bf8 29. Ng4 Qe6 30. e4 Bg7 31. e5 c5 32. dxc5 Rac8 33. Rc1 Kh8 34. Qd3
Rc7 35. Bc2 Rxc5 36. Nd4 Rxc2 37. Nxe6 Rxc1+ 38. Kxc1 Rxe6 39. Qxd5 a6 40. Kc2
Kg8 41. Kb3 Kh7 42. Kxb4 Rb6+ 43. Kc4 Re6 44. Qd3+ Kg8 45. Qd8+ Bf8 46. Nf6+
Kg7 47. Qd3 Rxe5 48. Nd7 Re6 49. Qd4+ Kg8 50. Qd5 Rd6 51. Qf5 Rc6+ 52. Kd3 Bg7
53. b4 Rc3+ 54. Ke2 Rc6 55. a4 Re6+ 56. Kd3 Rd6+ 57. Kc4 Rd4+ 58. Kc5 Rf4 59.
Qd5 g4 60. Qd3 Rf3 61. Qe4 Rc3+ 62. Kb6 g3 63. Qe8+ Kh7 64. Qxf7 Kh8 65. Qe8+
Kh7 66. Qg6+ Kh8 67. Nf6 1-0

[Event "IX Festival A"]
[Site "Salsomaggiore Terme ITA"]
[Date "2005.05.21"]
[Round "4"]
[White "Foglia, Maurizio"]
[Black "Calza, Gabriele"]
[Result "1-0"]
[WhiteElo "2089"]
[BlackElo "1790"]
[PlyCount "97"]
[EventDate "2005.05.20"]

1. Nf3 Nf6 2. b3 c5 3. Bb2 e6 4. e3 Be7 5. c4 O-O 6. Be2 b6 7. d4 cxd4 8. exd4
d5 9. O-O Bb7 10. Nbd2 Nc6 11. Rc1 Rc8 12. Bd3 Re8 13. Re1 Bf8 14. Qe2 Re7 15.
Ne5 Rec7 16. Ndf3 h6 17. Nxc6 Bxc6 18. Ne5 Bb7 19. f4 g6 20. Rf1 Qe8 21. g4 Bd6
22. h3 Ne4 23. Bxe4 dxe4 24. g5 h5 25. Qe3 Qf8 26. Rcd1 Rd8 27. Kh2 Kh7 28. Rd2
Qg7 29. h4 f6 30. gxf6 Qxf6 31. Qh3 Rf8 32. d5 exd5 33. cxd5 Bxd5 34. Rxd5 Rc2+
35. Kg1 Rxb2 36. Qd7+ Be7 37. Qh3 Rd8 38. Rxd8 Bc5+ 39. Kh1 Qxd8 40. f5 g5 41.
f6 g4 42. Qc3 Bd4 43. Qc4 Rh2+ 44. Kxh2 Bxe5+ 45. Kh1 Bxf6 46. Qf7+ Kh8 47.
Qxf6+ Qxf6 48. Rxf6 Kg7 49. Re6 1-0

[Event "IX Festival A"]
[Site "Salsomaggiore Terme ITA"]
[Date "2005.05.21"]
[Round "4"]
[White "Gasperi, Fosco"]
[Black "Salati, Paolo"]
[Result "1-0"]
[WhiteElo "2168"]
[BlackElo "1949"]
[PlyCount "67"]
[EventDate "2005.05.20"]

1. d4 d5 2. c4 c6 3. Nf3 e6 4. cxd5 exd5 5. Bg5 Nf6 6. e3 h6 7. Bh4 Be7 8. Qc2
Nbd7 9. Nc3 O-O 10. Bd3 Re8 11. O-O Nf8 12. Rab1 Nh5 13. Bxe7 Qxe7 14. Ne5 Nf6
15. b4 N8d7 16. f4 Nf8 17. Na4 Ng4 18. Rf3 f6 19. Nxg4 Bxg4 20. Rg3 Bh5 21. b5
Rac8 22. bxc6 Rxc6 23. Qb3 Rc7 24. Nc3 Bf7 25. Nb5 Rc6 26. Nxa7 Re6 27. Re1 Qc7
28. Nb5 Qc6 29. Qd1 R8e7 30. a4 Qe8 31. Qg4 Bh5 32. Qh3 Bg6 33. f5 Bxf5 34.
Bxf5 1-0

[Event "IX Festival A"]
[Site "Salsomaggiore Terme ITA"]
[Date "2005.05.21"]
[Round "4"]
[White "Giannetta, Paolo"]
[Black "Scalcione, Michelangelo"]
[Result "1/2-1/2"]
[WhiteElo "2045"]
[BlackElo "2242"]
[PlyCount "30"]
[EventDate "2005.05.20"]

1. d4 Nf6 2. c4 g6 3. Nc3 Bg7 4. e4 d6 5. f4 O-O 6. Nf3 Bg4 7. Be2 Nfd7 8. O-O
Nc6 9. e5 dxe5 10. fxe5 Nb6 11. Be3 Qd7 12. Qd2 Rad8 13. Rad1 Bxf3 14. Rxf3 Kh8
15. Ne4 Qc8 1/2-1/2

[Event "IX Festival A"]
[Site "Salsomaggiore Terme ITA"]
[Date "2005.05.21"]
[Round "4"]
[White "Grillo, Francesco"]
[Black "Giretti Kanev, Jasen"]
[Result "0-1"]
[WhiteElo "1715"]
[BlackElo "2166"]
[PlyCount "24"]
[EventDate "2005.05.20"]

1. d4 d5 2. Nc3 Bf5 3. Nf3 e6 4. Bf4 Nf6 5. e3 Bb4 6. a3 Bxc3+ 7. bxc3 Ne4 8.
c4 c6 9. Bd3 dxc4 10. Bxc4 Qa5+ 11. Nd2 Qc3 12. O-O Nxd2 0-1

[Event "IX Festival A"]
[Site "Salsomaggiore Terme ITA"]
[Date "2005.05.21"]
[Round "4"]
[White "Gromovs, Sergejs"]
[Black "Muha, Zdravko"]
[Result "1-0"]
[WhiteElo "2362"]
[BlackElo "2127"]
[PlyCount "53"]
[EventDate "2005.05.20"]

1. d4 Nf6 2. Nf3 e6 3. c4 d5 4. Nc3 Nbd7 5. Bf4 Bb4 6. Qb3 c5 7. e3 Qa5 8. Be2
dxc4 9. Bxc4 b5 10. Bxe6 c4 11. Bxd7+ Bxd7 12. Qc2 Nd5 13. O-O Nxf4 14. Qe4+
Ne6 15. Qxa8+ Qd8 16. Qxd8+ Kxd8 17. a4 bxa4 18. Nxa4 Ke7 19. Nc3 a5 20. Ne5
Be8 21. Nd5+ Kd8 22. Nxb4 axb4 23. Ra8+ Ke7 24. Nxc4 h5 25. Rfa1 Kf6 26. R1a7
Kg5 27. Rc8 1-0

[Event "IX Festival A"]
[Site "Salsomaggiore Terme ITA"]
[Date "2005.05.21"]
[Round "4"]
[White "Jurkovic, Ante"]
[Black "Efimov, Igor"]
[Result "1/2-1/2"]
[WhiteElo "2336"]
[BlackElo "2458"]
[PlyCount "28"]
[EventDate "2005.05.20"]

1. e4 c5 2. Nf3 e6 3. d4 cxd4 4. Nxd4 a6 5. Nc3 Qc7 6. f3 Nf6 7. Bg5 Nc6 8. Qd2
Nxd4 9. Qxd4 Bc5 10. Qd2 b5 11. O-O-O Bb7 12. e5 Nd5 13. Ne4 Bb4 14. c3 Bc5
1/2-1/2